000 00622nam a2200193 i 4500
001 111040
003 ES-MaACL
005 20250821111329.0
007 t|
008 061121s1971 sp r ||||1| spa d
100 1 _aNadeau, Maurice.
_984821
245 1 0 _aGustave Flaubert, escritor /
_cMaurice Nadeau ; traducción José Luis Giménez Frontin.
260 _aBarcelona :
_bLumen,
_c1971.
300 _a373 p. ;
_c19 cm.
600 1 4 _aFlaubert, Gustave,
_d1821-1880
_951134
700 1 _aGiménez-Frontín, José Luis,
_d1943-2008
_957047
852 _aES-MaACL
_jC-40245
_bR.79771
999 _c111040
_d111040